Teología joanea: Salvación ofrecida por Dios y acogida por el hombre

Đã lưu trong:
Chi tiết về thư mục
Tác giả chính: Caba, José (Tác giả)
Định dạng: Sách
Ngôn ngữ:Tiếng Tây Ban Nha
Được phát hành: Madrid BAC 2007
Loạt:Biblioteca Autores Cristianos, Estudios y Ensayos Teología
Những chủ đề:
Các nhãn: Thêm thẻ
Không có thẻ, Là người đầu tiên thẻ bản ghi này!

MARC

LEADER 00000nam a2200000 a 4500
001 UCH2905
003 CL-VaPUC
008 090702e20070000SP |||||||||||||||||spa|d
020 |a 9788479149000 
082 0 4 |a 291.22  |b CAB  |2 21 
100 0 |a Caba, José  |e author  |9 537972 
245 1 0 |a Teología joanea: Salvación ofrecida por Dios y acogida por el hombre 
300 |a 285 p 
942 |c BK 
945 |d 20090702 00:00:00  |a dcastane 
260 |a Madrid  |b BAC  |c 2007 
650 0 |a Teología cristiana  |9 308336 
650 0 |a Iglesia Católica  |9 256114 
650 0 |a Salvación  |9 315007 
650 0 |a Sacramentos   |9 257270 
583 |a last modification  |c 20090702 00:00:00  |k Rodrigo Vera 
490 0 |a Biblioteca Autores Cristianos, Estudios y Ensayos Teología 
999 |c 334566  |d 334564 
952 |0 0  |1 0  |4 0  |6 291_220000000000000_CAB_2007  |7 0  |8 A  |9 423671  |a BIBTEO  |b BIBTEO  |d 2019-11-22  |i 4569172  |o 291.22 CAB 2007  |p 4569172  |r 2024-01-18  |w 2019-11-22  |y BK  |k ICR